000 00287nam a22001217a 4500
008 181217b xxu||||| |||| 00| 0 eng d
041 _aeng
080 _a701
100 _a44
101 _aART
245 _aThe Spencer Collection of American Art
_cSpanierman Gallery
942 _2udc
_cBK
999 _c53230
_d53230